Estudios sobre una área dialectal hispanoamericana de población negra : (Registro nro. 6345)
[ vista simple ]
| 000 -LEADER | |
|---|---|
| fixed length control field | 00838nam a2200217Ia 4500 |
| 003 - CONTROL NUMBER IDENTIFIER | |
| control field | OSt |
| 005 - DATE AND TIME OF LATEST TRANSACTION | |
| control field | 20200922114812.0 |
| 008 - FIXED-LENGTH DATA ELEMENTS--GENERAL INFORMATION | |
| fixed length control field | 191128s1977 ck abo gr 000 0 spa d |
| 040 ## - CATALOGING SOURCE | |
| Original cataloging agency | CO-JMCR |
| Transcribing agency | CO-JMCR |
| 041 0# - LANGUAGE CODE | |
| Language code of text/sound track or separate title | spa |
| 082 04 - DEWEY DECIMAL CLASSIFICATION NUMBER | |
| Classification number | 467.9861 / |
| Item number | G748e |
| Edition number | 23 |
| 100 ## - MAIN ENTRY--PERSONAL NAME | |
| Personal name | Granda, Germán de, |
| Relator term | autor |
| 9 (RLIN) | 10617 |
| 245 10 - TITLE STATEMENT | |
| Title | Estudios sobre una área dialectal hispanoamericana de población negra : |
| Remainder of title | las tierras bajas occidentales de Colombia |
| Statement of responsibility, etc. | Granda, Germán |
| 260 ## - PUBLICATION, DISTRIBUTION, ETC. | |
| Place of publication, distribution, etc. | Bogotá : |
| Name of publisher, distributor, etc. | Instituto Caro y Cuervo, |
| Date of publication, distribution, etc. | 1977. |
| 300 ## - PHYSICAL DESCRIPTION | |
| Extent | 366 páginas : |
| Other physical details | mapas, fotografías en blanco y negro ; |
| Dimensions | 23 cm. |
| 490 ## - SERIES STATEMENT | |
| Series statement | Biblioteca de publicaciones : |
| -- | Instituto Caro y Cuervo |
| Volume/sequential designation | 41. |
| 505 ## - FORMATTED CONTENTS NOTE | |
| Formatted contents note | Lingüstica -- Folclor oral |
| 650 24 - SUBJECT ADDED ENTRY--TOPICAL TERM | |
| Topical term or geographic name entry element | Español |
| General subdivision | Provincialismos |
| 9 (RLIN) | 10618 |
| 650 24 - SUBJECT ADDED ENTRY--TOPICAL TERM | |
| Topical term or geographic name entry element | Litoral Pacífico |
| Geographic subdivision | Colombia |
| 9 (RLIN) | 10619 |
| 942 ## - ADDED ENTRY ELEMENTS (KOHA) | |
| Source of classification or shelving scheme | Dewey Decimal Classification |
| Koha item type | Books |
| Withdrawn status | Lost status | Source of classification or shelving scheme | Materials specified (bound volume or other part) | Damaged status | Not for loan | Home library | Current library | Shelving location | Date acquired | Source of acquisition | Total Checkouts | Full call number | Barcode | Date last seen | Date last checked out | Copy number | Price effective from | Koha item type |
|---|---|---|---|---|---|---|---|---|---|---|---|---|---|---|---|---|---|---|
| Dewey Decimal Classification | Donación--1/12/2018-- | Biblioteca Pública José María del Castillo y Rada | Biblioteca Pública José María del Castillo y Rada | General Stacks | 11/28/2019 | Donación | 1 | 467.9861 / G748e | 430012494 | 05/08/2025 | 05/08/2025 | Ej.1 | 11/28/2019 | Books |